Normal view
MARC view
Entry Personal Name
001 - CONTROL NUMBER
- control field: 835454
003 - CONTROL NUMBER IDENTIFIER
- control field: OSt
005 - DATE AND TIME OF LATEST TRANSACTION
- control field: 20250923145442.0
008 - FIXED-LENGTH DATA ELEMENTS
- fixed length control field: 250923|| aca||aabn | a|a d
040 ## - CATALOGING SOURCE
- Original cataloging agency: OSt
- Transcribing agency: OSt
100 ## - HEADING--PERSONAL NAME
- Personal name: Macmillan, K
670 ## - SOURCE DATA FOUND
- Source citation: Work cat.: (OSt)1451504: Macmillan, K. , Education Welfare : Strategy and Structures, 1977
